000 02329nam a2200301 a 4500
001 000000129
003 DO-SdBNP
005 20260321073636.0
008 081126s1995 dr a 000 0 spa d
020 _a9945406108
020 _a9789945406108
040 _aDO-SdBNP
_bspa
_cBNPHU
082 _a305.57293
_bB742co, 1995
100 1 _a Bosch, Juan,
_d1909-2001
_976555
245 1 0 _aComposición social dominicana :
_bhistoria e interpretación /
_cJuan Bosch ; edición Diómedes Núñez Polanco.
250 _a18a ed.
260 _aSanto Domingo :
_bAlfa & Omega,
_c1995.
300 _a416 p. :
_bil. ;
_c24 cm.
505 0 _aUn preámbulo necesario -- Origen de las clases sociales en Santo Domingo -- Aparición y declinación de una oligarquía del azúcar -- De los ingenios a los hatos -- El desarrollo de la sociedad hatera -- La curiosa sociedad de los bucaneros -- La colonia francesa de Saint-Domingue -- El siglo de la miseria -- De la inamovilidad del siglo XVII al dinamismo del siglo XVIII -- Medio siglo de relativo desarrollo -- Santo Domingo en el panorama del Caribe -- La revolución haitiana -- El caso de las emigraciones -- El gobierno de los hateros y la sociedad de los cosecheros de tabaco -- Las causas de la invasión haitiana en 1822 -- La pequeña burguesía en la historia dominicana -- La pequeña burguesía contra el poder de los hateros -- 1857-1861. Luchas en el seno de la pequeña burguesía -- La restauración, obra de la pequeña burguesía -- El largo reinado de la pequeña burguesía en la vida política nacional -- La composición social y los partidos políticos de la época -- El gobierno de los azules o el camino hacia la sociedad burguesa -- De la muerte de Heureaux a la muerte de Cáceres -- El imperialismo en acción -- La composición social hasta 1930 -- Trujillo, o el paso de la pequeña burguesía a la burguesía -- La composición social a la muerte de Trujillo.
590 _aInventariado, 2018/BT
650 1 4 _aClases sociales
_zRepública Dominicana
_xHistoria
_9413
650 1 4 _aSociología
_xHistoria
_9414
650 1 4 _aRepública Dominicana
_xHistoria
_9416
651 1 4 _aRepública Dominicana
_xCondiciones sociales
_946
700 1 2 _aNuñez Polanco, Diómedes
_d1952-
_eed.
_983559
910 _aValidado. Control de calidad. MMOLINA
942 _2ddc
_cLBS1
999 _c129
_d129